00909cas a2200193 a 450000500170000000800410001702200170005804001480007504100080022304400080023124501130023926000390035230000280039165000520041965000540047165100190052571000640054471001070060820151113160201.0760715d19761980mduwr p f0 a0eng c a0363-088921 aNhDcNhDdNICdNSDPdDLCdOCoLCdDGPOdNSTdDGPOdNSTdAIPdNSTdNSDPdDLCdOCoLCdDLCdCU-IdCaQQLdOCoLCdUKMGBdOCoLCdOCLCFdPdOCLCOdDNAL0 aeng axxu00aCooperative plant pest report /cU.S. Department of Agriculture, Animal and Plant Health Inspection Service. aHyattsville, Md. :bThe Servicec. bilustraciones ;c24 cm. 6aPlagas agricolaszEstados UnidosvPeriódicas. 4aPlagas de insectoszEstados UnidosvPeriódicas. 7aEstados Unidos1 aEstados UnidosbAnimal and Plant Health Inspection Service.1 aEstados UnidosbAnimal and Plant Health Inspection Service.bPlant Protection and Quarantine Programs.